Регионална библиотека "Любен Каравелов" - Русе

Многоезичен речник по информатика и компютърна техника (Запис номер 59474)

MARC детайли
000 -Лидер
Контролно поле с фиксирана дължина 01628nam a2200349 a 4500
003 - Код на организацията, давaща контролен номер
Контролно поле BLK
005 - Дата и час на последна редакция
Контролно поле 20230811161413.0
008 - Елементи от данни с фиксирана дължина
fixed length control field 180408b bul|||||r ||||||| ||bul||
010 ## - Наследен системен номер
LC control number KNG00063568000
020 ## - Международен стандартен номер на книга ISBN
Международен стандартен номер на книга ISBN 954-8112-68-Х
040 ## - Източник на каталожния запис
Идентификатор на билиотеката - собственик на записа BLK
041 ## - Код за език
Код за езика на текст/звукозапис или на отделно заглавие Български
Код за езика КДБФ Български
Други езици Немски
-- Английски
-- Френски
-- Руски
080 ## - УДК
Текстов определител УДК Машини и устройства за обработка на данни. Вж и 003 ; 007 ; 621.391 ; 65.011.56
УДК код - определител по УДК 681.3
УДК определител (038.1)=20=30=40=82=867
УДК - код + определител 681.3(038.1)=20=30=40=82=867
080 ## - УДК
Текстов определител УДК Различни категории думи
УДК код - определител по УДК 81`373.4
УДК определител =20=30=40=82=867:681.3
УДК - код + определител 81`373.4=20=30=40=82=867:681.3
100 1# - Редна дума - Автор
Автор Делийска, Ваня Петкова
Авторска отговорност първи автор
R(LIN) 289034
139 ## - Редно поле
Редна дума Делийска, Ваня Петкова и др.
Авторски знак Дели - Д 37
245 10 - Сведения за заглавието
Заглавие Многоезичен речник по информатика и компютърна техника
Подзаглавни данни Англ.-нем.-фр.-рус.-бълг.
Редно поле (дума) Ваня Петкова Делийска; съавт. Кети Георгиева Пеева.
257 ## - Страна на издаване
Страна на създаване/издаване България
260 ## - Област на издателските данни
Място на издаване, разпространение и проч. София
Име на издателя, разпространителя и проч. Булвест 2000
Година на издаване 1993
300 ## - Физическа характеристика
Страници 269 с.
Размери/Мащаб 20 см
380 ## - Жанр
Жанр Техника
650 #4 - Допълнително описание по предмет – тема
Основно описание – тема или топоним Информатика - терминология - речници, многоезични
9 (RLIN) 254278
650 #4 - Допълнително описание по предмет – тема
Основно описание – тема или топоним Речници, многоезични - информатика
9 (RLIN) 254279
700 1# - Други автори (авторска отговорност)
Лично име Пеева, Кети Георгиева
Автороска отговорност (Описва отношението между автора и произведението) съавт.
9 (RLIN) 367773
852 ## - Местоположение
Форматна сигнатура Цб 176953
Фондова буква Хранилище
856 4# - Електронен адрес и достъп
Електронен формат pdf - файл
856 4# - Електронен адрес и достъп
Електронен формат pdf - файл
942 ## - АРТИКУЛИ
Вид на библиотечния материал Книги
Скрит в OPAC Не
944 ## - СЪЗДАВАНЕ И РЕДАКЦИЯ на ЗАПИСА
Създаване/Редакция Създаване
Дата на регистрацията/редакция 13.06.2004
Служител, извършил регистрацията/редакцията 30534
Статус, дата на статуса Радостина Карадакова
944 ## - СЪЗДАВАНЕ И РЕДАКЦИЯ на ЗАПИСА
Създаване/Редакция Редакция
Дата на регистрацията/редакция 13.08.2015
999 ## - СИСТЕМНИ КОНТРОЛНИ НОМЕРА
Koha biblionumber 59474
Koha biblioitemnumber 59474
999 ## - СИСТЕМНИ КОНТРОЛНИ НОМЕРА
Koha biblioitemnumber 59474
Наличности
Код за отписване Код за изгубен артикул Източник на класификационната схема Код за повреда Коз за рестрикции Код за отдаване Артикулен № Име на библиотеката - собственик Име на библиотеката, в която се намира в момента Статус (Текущо местоположение) Дата на вписване в системата Местоположение - отдел Цена в лева Инвентарен номер Систематично азбучна сигнатура Баркод Номер на екземпляра Цена в евро Служебна бележка Служебен тип на артикула
  Не е изгубен Universal Decimal Classification Не е повреден без рестрикции ползва се в читалня 97121 Регионална библиотека "Любен Каравелов" Русе Регионална библиотека "Любен Каравелов" Русе Читалня - справочен фонд 1993-01-01 Читалня 0.84 600372 СЧ 681.3(038)/Д 37 120000600372 1 0.43 Дата инв: 24.03.2017 Бележки инв: СЧ2017 Книги
  Не е изгубен Universal Decimal Classification Не е повреден без рестрикции ползва се в читалня 97122 Регионална библиотека "Любен Каравелов" Русе Регионална библиотека "Любен Каравелов" Русе Хранилище 1993-01-01 Хранилище 1.33 585289 Цб 176953 120000585289 2 0.68 Дост: Dp Вид: Д N: стар фонд Дата: 01.01.1993 Книги
Vip Innovations Ltd, Rousse, Bulgaria 2025